000 00756nam a2200265Ia 4500
008 160319s9999 xx 000 0 und d
020 _a9788172451202
050 _a507.8
050 _b.V398o 2012
100 _aVecchione, Glen
245 _a100 amazing make-it-yourself science fair projects /
245 _cwritten & illustrated by Glen Vecchione.
260 _aNew York :
260 _bSterling Publishing Company, Inc.
260 _c2012
300 _a224 pages ;
300 _billustrations ;
300 _c26 cm.
650 _aScience -- Experiments --
650 _aScience fairs --
650 _aScience projects --
650 _xJuvenile literature.
650 _xJuvenile literature.
650 _xJuvenile literature.
999 _c291999
_d291999